| 000 | 01319nam0a2200301 i 4500 | ||
|---|---|---|---|
| 001 | RU\NLR\BIBL_A\011272977 | ||
| 005 | 20240726221250.0 | ||
| 010 | _a9785447452353 | ||
| 035 | _a(NLR Aleph) 011272977 | ||
| 090 |
_a10828155 _c10828155 |
||
| 100 | _a20161116d2016 um y0rusy50 ca | ||
| 101 | 0 | _arus | |
| 102 | _aRU | ||
| 105 | _aa|||z|||000gy | ||
| 200 | 1 |
_aОдиночество в квадрате _eиз цикла «Дневники современника» _e(гражданская поэзия) _fДмитрий Юрьевич Шорскин |
|
| 210 |
_a[Б. м.] _cИздательские решения _d2016 |
||
| 215 |
_a39, [1] с. _cил. _d20 |
||
| 300 | _aНа 4-й с. обл. авт.: Д.Ю. Шорскин д.чл. союза писателей "Новый Современник" | ||
| 327 | 1 | _aСодерж.: Ранее (2001-2007); Крайнее (2008-2015); Одиночество в квадрате: мини-сериал | |
| 333 | _a18+ | ||
| 488 | 0 |
_12001#$aДневники современника$eцикл _tДневники современника |
|
| 686 | 2 | _aШ6(2=Р)8-5 | |
| 700 | 1 |
_aШорскин _bД.Ю. _gДмитрий Юрьевич |
|
| 942 | _cBOOK | ||
| 980 | _aNBR | ||